Cargando...

Sociology of economic life

Detalles Bibliográficos
Autor principal: Smelser, Neil J
Formato: Printed Book
Lenguaje:Undetermined
English
Publicado: Newdelhi Prentice- Hall of India Pvt Ltd 1965
Materias:
LEADER 00597nam a2200181Ia 4500
008 140306s9999 xx 000 0 und d
041 |a eng 
082 |a 306.3  |b SME 
100 |a Smelser, Neil J 
245 |a Sociology of economic life 
260 |a Newdelhi  |b Prentice- Hall of India Pvt Ltd  |c 1965 
300 |a 120 
440 |v Foundations of modern sociology series 
650 |a culture 
650 |a Economic sociology 
942 |2 ddc  |c BK 
999 |c 68426  |d 68426 
952 |0 0  |1 0  |2 ddc  |4 0  |6 306_300000000000000_SME  |7 0  |9 74775  |a KAUACV  |b KAUACV  |d 2004-06-01  |o 306.3 SME  |p KAU_ACV-9159  |r 2014-03-22  |w 2014-03-22  |y BK